Перспективы создания прямоточного корпусного реактора с перегревом пара; Атомная энергия; Т. 100, вып. 3

Bibliografiske detaljer
Parent link:Атомная энергия: теоретический и научно-технический журнал/ Российская академия наук ; Министерство РФ по атомной энергии, ядерного общества.— , 1956-.— 0004-7163
Т. 100, вып. 3.— 2006.— с. 197-204
Andre forfattere: Филиппов Г. А. Геннадий Алексеевич, Гришанин Е. И., Фальковский Л. Н., Фонарев Б. И., Алексеев П. А., Кухаркин Н. Е., Фомиченко П. А., Цибульский В. Ф., Чибиняев А. В.
Sprog:russisk
Udgivet: 2006
Serier:Статьи
Fag:
Format: MixedMaterials Book Chapter
KOHA link:https://koha.lib.tpu.ru/cgi-bin/koha/opac-detail.pl?biblionumber=426369

MARC

LEADER 00000naa2a2200000 4500
001 426369
005 20231101074520.0
035 |a (RuTPU)RU\TPU\prd\85114 
035 |a RU\TPU\prd\43960 
090 |a 426369 
100 |a 20100705a2006 k y0rusy50 ca 
101 0 |a rus 
102 |a RU 
200 1 |a Перспективы создания прямоточного корпусного реактора с перегревом пара  |f Г. А. Филиппов [и др.] 
225 1 |a Статьи 
320 |a Библиогр.: 12 назв. 
461 0 |0 (RuTPU)RU\TPU\prd\33  |x 0004-7163  |t Атомная энергия  |o теоретический и научно-технический журнал  |f Российская академия наук ; Министерство РФ по атомной энергии, ядерного общества  |d 1956- 
463 0 |0 (RuTPU)RU\TPU\prd\85108  |t Т. 100, вып. 3  |v с. 197-204  |d 2006 
610 1 |a реакторные установки 
610 1 |a корпусные реакторы 
610 1 |a пар 
610 1 |a технические решения 
610 1 |a теплоносители 
610 1 |a сверхкритические параметры 
610 1 |a неравнометность подогрева 
610 1 |a активные зоны 
610 1 |a микротвэлы 
610 1 |a многоступенчатые ТВС 
610 1 |a перемешивание 
610 1 |a тепловыделяющие сборки 
610 1 |a перегрузка микротвэлов 
675 |a 621.039.58  |v 3 
701 1 |a Филиппов  |b Г. А.  |c специалист в области энергетики  |c профессор Томского политехнического университета, академик РАН  |f 1932-  |g Геннадий Алексеевич  |2 stltpush  |3 (RuTPU)RU\TPU\pers\29657 
701 1 |a Гришанин  |b Е. И. 
701 1 |a Фальковский  |b Л. Н. 
701 1 |a Фонарев  |b Б. И. 
701 1 |a Алексеев  |b П. А. 
701 1 |a Кухаркин  |b Н. Е. 
701 1 |a Фомиченко  |b П. А. 
701 1 |a Цибульский  |b В. Ф. 
701 1 |a Чибиняев  |b А. В. 
801 1 |a RU  |b 63413507  |c 20060607  |g PSBO 
801 2 |a RU  |b 63413507  |c 20160809  |g RCR 
942 |c BK